[Event "RUS-Cup"]
[Site "Minsk"]
[Date "2000.??.??"]
[Round "6"]
[White "Malakhatko, Vadim"]
[Black "Radjabov, Teimour"]
[Result "1-0"]
[WhiteElo "2568"]
[BlackElo "2459"]
[PlyCount "147"]
[EventDate "2000.??.??"]
[EventType "swiss"]
[EventRounds "9"]
[EventCountry "BLR"]
[SourceTitle "EXT 2001"]
[Source "ChessBase"]
[SourceDate "2000.11.22"]
[SourceVersion "1"]
[SourceVersionDate "2000.11.22"]
[SourceQuality "1"]

1. d4 Nf6 2. c4 g6 3. Nc3 Bg7 4. e4 d6 5. Nf3 O-O 6. Be2 e5 7. O-O exd4 8. Nxd4
Re8 9. f3 Nc6 10. Be3 Nh5 11. Qd2 Nf4 12. Rfd1 Nxd4 13. Bxd4 Qg5 14. Bf1 Bxd4+
15. Qxd4 Be6 16. Kh1 a6 17. Rac1 Rad8 18. Rc2 Qe5 19. Qf2 g5 20. g3 Ng6 21. Bd3
c6 22. Rcd2 b5 23. cxb5 axb5 24. Bb1 Rd7 25. Ne2 Qf6 26. b3 Ne5 27. f4 Bg4 28.
Rf1 Ng6 29. Ng1 gxf4 30. h3 Qg5 31. gxf4 Qh6 32. Qg2 Bh5 33. f5 Kh8 34. fxg6
Bxg6 35. Rfd1 Qf4 36. Qg4 Bxe4+ 37. Bxe4 Qxg4 38. hxg4 Rxe4 39. Rxd6 Ra7 40.
R1d2 c5 41. Rd7 Rxd7 42. Rxd7 c4 43. bxc4 Rxc4 44. Rxf7 Rxg4 45. Rf2 Kg7 46.
Rb2 b4 47. Rf2 Kg6 48. Kh2 h5 49. Nh3 Rc4 50. Kg2 h4 51. Kh2 Kh5 52. Rg2 Re4
53. Ng1 Re3 54. Rb2 Rd3 55. Kg2 Rg3+ 56. Kf2 Ra3 57. Nf3 h3 58. Nd4 Kg4 59. Nc6
b3 60. axb3 Ra1 61. Ne5+ Kf4 62. Nf3 Ra8 63. Rd2 Rg8 64. Rd4+ Kf5 65. Rh4 Rg2+
66. Ke3 Rg3 67. Rh6 Rg8 68. Rxh3 Ke6 69. Kf2 Rb8 70. Nd2 Ke5 71. Rd3 Rh8 72.
Nf3+ Ke6 73. Ke3 Rb8 74. Nd2 1-0

[Event "RUS-Cup"]
[Site "Minsk"]
[Date "2000.??.??"]
[Round "7"]
[White "Radjabov, Teimour"]
[Black "Tihonov, Jurij"]
[Result "1-0"]
[WhiteElo "2459"]
[BlackElo "2391"]
[PlyCount "71"]
[EventDate "2000.??.??"]
[EventType "swiss"]
[EventRounds "9"]
[EventCountry "BLR"]
[SourceTitle "EXT 2001"]
[Source "ChessBase"]
[SourceDate "2000.11.22"]
[SourceVersion "1"]
[SourceVersionDate "2000.11.22"]
[SourceQuality "1"]

1. d4 Nf6 2. c4 g6 3. Nc3 Bg7 4. e4 d6 5. Nf3 O-O 6. Be2 e5 7. O-O Nc6 8. d5
Ne7 9. b4 a5 10. Ba3 b6 11. bxa5 Rxa5 12. Bb4 Ra8 13. a4 Re8 14. a5 c5 15. dxc6
Nxc6 16. Bxd6 Rxa5 17. Rxa5 bxa5 18. c5 Bd7 19. Bc4 h6 20. Re1 Bf8 21. Nb5 Bxd6
22. Nxd6 Re7 23. Qd2 Qf8 24. h3 Kg7 25. Rb1 Be6 26. Bb5 Qa8 27. Qb2 Bd7 28.
Bxc6 Bxc6 29. Nxe5 a4 30. Nxc6 Qxc6 31. Qd4 Re6 32. Rb6 Qa8 33. Rb4 Kh8 34.
Rxa4 Qb8 35. Rb4 Qa8 36. Kh2 1-0

[Event "RUS-Cup"]
[Site "Minsk"]
[Date "2000.??.??"]
[Round "9"]
[White "Radjabov, Teimour"]
[Black "Lastin, Alexander"]
[Result "0-1"]
[WhiteElo "2459"]
[BlackElo "2510"]
[PlyCount "78"]
[EventDate "2000.??.??"]
[EventType "swiss"]
[EventRounds "9"]
[EventCountry "BLR"]
[SourceTitle "EXT 2001"]
[Source "ChessBase"]
[SourceDate "2000.11.22"]
[SourceVersion "1"]
[SourceVersionDate "2000.11.22"]
[SourceQuality "1"]

1. Nf3 d5 2. b3 Bg4 3. Bb2 Nd7 4. g3 Ngf6 5. Bg2 e6 6. O-O Be7 7. c4 O-O 8. d3
a5 9. a3 c6 10. Nbd2 Qb6 11. Qc2 Rfd8 12. Bc3 h6 13. Qb2 c5 14. h3 Bh5 15. cxd5
exd5 16. d4 Qa6 17. g4 Bg6 18. dxc5 Nxc5 19. Bd4 Rac8 20. Ne5 Bh7 21. Rfc1 Ne6
22. e3 Nxd4 23. exd4 Ra8 24. Qc3 Bd6 25. Qe3 Rac8 26. Rc3 Qb6 27. Rac1 Rxc3 28.
Qxc3 Bxa3 29. Qc7 Qxc7 30. Rxc7 Rb8 31. Nd7 Ne8 32. Rc5 Bxc5 33. Nxb8 Bb4 34.
Nf1 Nf6 35. h4 g5 36. hxg5 hxg5 37. f4 gxf4 38. g5 Ne4 39. Nd7 Bc3 0-1

[Event "Kasparov Cadet GP"]
[Site "Internet"]
[Date "2000.01.13"]
[Round "2.1"]
[White "Radjabov, Teimour"]
[Black "Belov, Vladimir"]
[Result "1-0"]
[WhiteElo "2438"]
[BlackElo "2334"]
[PlyCount "89"]
[EventDate "2000.01.11"]
[EventType "k.o."]
[EventRounds "3"]
[EventCountry "NET"]
[SourceTitle "CBM 074 Extra"]
[Source "ChessBase"]
[SourceDate "2000.03.10"]
[SourceVersion "2"]
[SourceVersionDate "2000.03.10"]
[SourceQuality "1"]

1. c4 Nf6 2. Nc3 c5 3. g3 e6 4. Nf3 b6 5. Bg2 Bb7 6. O-O Be7 7. b3 O-O 8. Bb2
d6 9. e3 Nbd7 10. d4 Ne4 11. Nxe4 Bxe4 12. Qe2 Qc7 13. Rfd1 Qb7 14. Ne1 Bxg2
15. Nxg2 Nf6 16. d5 exd5 17. cxd5 Rfe8 18. Qd3 b5 19. Nh4 c4 20. Qd4 Bf8 21.
Nf5 Re4 22. Qd2 Qd7 23. Nh6+ gxh6 24. Bxf6 Qf5 25. Bb2 Bg7 26. Bxg7 Kxg7 27.
Qb4 Qe5 28. Qxb5 c3 29. Qd3 Rc8 30. Rac1 f5 31. Rc2 Rc5 32. Rdc1 Kg6 33. Rxc3
Rxd5 34. Qe2 h5 35. Rc8 h4 36. Rg8+ Kh6 37. Rc7 f4 38. g4 Qa1+ 39. Kg2 h3+ 40.
Kxh3 f3 41. Qxf3 Qf1+ 42. Qg2 Rxe3+ 43. fxe3 Rh5+ 44. gxh5 Qf5+ 45. Rg4 1-0

[Event "Kasparov Cadet GP"]
[Site "Internet"]
[Date "2000.01.13"]
[Round "2.2"]
[White "Belov, Vladimir"]
[Black "Radjabov, Teimour"]
[Result "1/2-1/2"]
[WhiteElo "2334"]
[BlackElo "2438"]
[PlyCount "70"]
[EventDate "2000.01.11"]
[EventType "k.o."]
[EventRounds "3"]
[EventCountry "NET"]
[SourceTitle "CBM 074 Extra"]
[Source "ChessBase"]
[SourceDate "2000.03.10"]
[SourceVersion "2"]
[SourceVersionDate "2000.03.10"]
[SourceQuality "1"]

1. e4 e6 2. d4 d5 3. Nd2 dxe4 4. Nxe4 Be7 5. Nf3 Nf6 6. Nxf6+ Bxf6 7. Bd3 c5 8.
dxc5 Nd7 9. O-O Nxc5 10. Bb5+ Bd7 11. Qe2 O-O 12. Be3 Bxb5 13. Qxb5 b6 14. c3
Qc7 15. Bxc5 bxc5 16. Qc4 Rab8 17. Rab1 Rfd8 18. b4 Rbc8 19. b5 Rd5 20. h3 Rcd8
21. Rfc1 h6 22. Qe4 c4 23. g3 Rd3 24. Rb4 Rc8 25. Nd4 Qc5 26. Nc6 Rxg3+ 27. Kf1
Qg5 28. fxg3 Qxc1+ 29. Ke2 Bxc3 30. Rxc4 Qe1+ 31. Kf3 Qf1+ 32. Ke3 Qe1+ 33. Kf3
Qf1+ 34. Ke3 Qe1+ 35. Kf3 Qf1+ 1/2-1/2

[Event "Biel MTO op"]
[Site "Biel"]
[Date "2000.07.24"]
[Round "1"]
[White "Radjabov, Teimour"]
[Black "Buss, Ralph"]
[Result "1-0"]
[WhiteElo "2476"]
[BlackElo "2183"]
[PlyCount "77"]
[EventDate "2000.07.24"]
[EventType "swiss"]
[EventRounds "11"]
[EventCountry "SUI"]
[SourceTitle "CBM 077 Extra"]
[Source "ChessBase"]
[SourceDate "2000.09.14"]
[SourceVersion "1"]
[SourceVersionDate "2000.09.14"]
[SourceQuality "1"]

1. d4 Nf6 2. c4 e6 3. Nc3 Bb4 4. f3 c5 5. d5 exd5 6. cxd5 d6 7. e4 O-O 8. Bd3
Re8 9. Nge2 Nbd7 10. O-O a6 11. Be3 b5 12. Bf2 c4 13. Bc2 Bc5 14. Nd4 Ne5 15.
h3 Qb6 16. Qd2 Bd7 17. a3 Rac8 18. g4 a5 19. Kg2 Nd3 20. Bxd3 Bxd4 21. Be2 Bxf2
22. Rxf2 b4 23. Nd1 Re7 24. axb4 Qxb4 25. Qc3 Rc5 26. Ne3 Qxc3 27. bxc3 a4 28.
Nxc4 Bb5 29. Nxd6 Bxe2 30. Rxe2 Nxd5 31. Rb2 Nf4+ 32. Kg3 g5 33. Rb8+ Kg7 34.
Nf5+ Rxf5 35. gxf5 Ra7 36. h4 h6 37. hxg5 hxg5 38. Kg4 f6 39. Rab1 1-0

[Event "Biel MTO op"]
[Site "Biel"]
[Date "2000.07.26"]
[Round "3"]
[White "Radjabov, Teimour"]
[Black "Toth, Christian Endre"]
[Result "1-0"]
[WhiteElo "2476"]
[BlackElo "2377"]
[PlyCount "99"]
[EventDate "2000.07.24"]
[EventType "swiss"]
[EventRounds "11"]
[EventCountry "SUI"]
[SourceTitle "CBM 077 Extra"]
[Source "ChessBase"]
[SourceDate "2000.09.14"]
[SourceVersion "1"]
[SourceVersionDate "2000.09.14"]
[SourceQuality "1"]

1. d4 Nf6 2. c4 e6 3. Nc3 d5 4. Nf3 dxc4 5. Bg5 Bb4 6. e4 c5 7. Bxc4 cxd4 8.
Nxd4 Bxc3+ 9. bxc3 Qa5 10. Bb5+ Bd7 11. Bxf6 gxf6 12. Bxd7+ Nxd7 13. O-O a6 14.
Rb1 Nc5 15. Qf3 Qd8 16. Rfe1 Rc8 17. Rbd1 Nd7 18. Qg3 Qc7 19. Qg7 Ke7 20. Re3
Qf4 21. g3 Rcg8 22. Qxh8 Qg4 23. Nc6+ bxc6 24. Rxd7+ Kxd7 25. Qxf6 Qd1+ 26. Kg2
Rf8 27. Qg7 Ke7 28. Qg5+ f6 29. Qc5+ Qd6 30. Qa7+ Qd7 31. Qxa6 Rd8 32. Qa5 e5
33. Qb4+ Qd6 34. Qb7+ Rd7 35. Qb3 Kf8 36. a4 Qc5 37. Rf3 Kg7 38. h4 Qd6 39. a5
c5 40. Qb5 h5 41. Re3 f5 42. exf5 Qd5+ 43. Kh2 Rb7 44. Rxe5 Qf3 45. Qe2 Qxe2
46. Rxe2 Kf6 47. Re6+ Kxf5 48. Rc6 Rb5 49. a6 Ra5 50. a7 1-0

[Event "Biel MTO op"]
[Site "Biel"]
[Date "2000.07.31"]
[Round "7"]
[White "Radjabov, Teimour"]
[Black "Kelecevic, Nedeljko"]
[Result "0-1"]
[WhiteElo "2476"]
[BlackElo "2414"]
[PlyCount "126"]
[EventDate "2000.07.24"]
[EventType "swiss"]
[EventRounds "11"]
[EventCountry "SUI"]
[SourceTitle "CBM 077 Extra"]
[Source "ChessBase"]
[SourceDate "2000.09.14"]
[SourceVersion "1"]
[SourceVersionDate "2000.09.14"]
[SourceQuality "1"]

1. d4 e6 2. c4 Nf6 3. Nc3 d5 4. Nf3 Be7 5. Qc2 O-O 6. Bg5 Nbd7 7. Rd1 dxc4 8.
e4 Nb6 9. Be2 Ne8 10. h4 Bd7 11. Be3 f6 12. h5 Bb4 13. O-O Bxc3 14. Qxc3 Nd6
15. e5 Ne4 16. Qc1 Ba4 17. Rde1 f5 18. h6 g6 19. Bxc4 Nxc4 20. Qxc4 Qd7 21. Rc1
Bc6 22. Rfe1 Rf7 23. b3 Qe7 24. Qd3 Bd5 25. Bf4 a5 26. Re2 a4 27. bxa4 Rxa4 28.
Qb5 Ra3 29. Rb2 Rxf3 30. gxf3 Ng5 31. Kf1 Nxf3 32. Qa4 g5 33. Bd2 Nxd2+ 34.
Rxd2 Qf8 35. Ke2 Qxh6 36. Rg1 g4 37. Rd3 Qf4 38. Re3 c5 39. Rh3 Bf3+ 40. Kd3
Bc6 41. Qc4 Bd5 42. Qxc5 Qxf2 43. Qc8+ Kg7 44. Qd8 h6 45. Rhg3 Qf4 46. Kc3 b5
47. a3 Bf3 48. Kd3 Qe4+ 49. Kd2 Qd5 50. Qd6 Rd7 51. Qxd5 Bxd5 52. Ke3 Kg6 53.
Kf4 Bc4 54. Rd1 Ra7 55. Re3 h5 56. Rd2 h4 57. Rh2 Rd7 58. Rd2 g3 59. Re1 Kh5
60. Rdd1 Bd5 61. Ke3 h3 62. Rc1 Kg4 63. Rf1 g2 0-1

[Event "Biel MTO op"]
[Site "Biel"]
[Date "2000.08.02"]
[Round "9"]
[White "Radjabov, Teimour"]
[Black "Mateo, Ramon"]
[Result "1/2-1/2"]
[WhiteElo "2476"]
[BlackElo "2371"]
[PlyCount "59"]
[EventDate "2000.07.24"]
[EventType "swiss"]
[EventRounds "11"]
[EventCountry "SUI"]
[SourceTitle "CBM 077 Extra"]
[Source "ChessBase"]
[SourceDate "2000.09.14"]
[SourceVersion "1"]
[SourceVersionDate "2000.09.14"]
[SourceQuality "1"]

1. d4 Nf6 2. c4 e6 3. Nc3 Bb4 4. f3 d5 5. a3 Bxc3+ 6. bxc3 O-O 7. cxd5 exd5 8.
e3 c5 9. Bd3 b6 10. Ne2 Ba6 11. Bxa6 Nxa6 12. O-O Nc7 13. Ng3 Re8 14. Qd3 Ne6
15. Bb2 Rc8 16. Rad1 Qc7 17. Rc1 g6 18. e4 c4 19. Qd2 Qf4 20. Qf2 Qh4 21. e5
Nh5 22. Nxh5 Qxh5 23. f4 b5 24. g3 a5 25. Qg2 Red8 26. Rc2 Qf5 27. g4 Qd3 28.
Rf3 Qd1+ 29. Rf1 Qd3 30. Rf3 1/2-1/2

[Event "EU-ch U20"]
[Site "Aviles"]
[Date "2000.08.16"]
[Round "1"]
[White "Radjabov, Teimour"]
[Black "Atakisi, Umut"]
[Result "1-0"]
[WhiteElo "2476"]
[BlackElo "2258"]
[PlyCount "71"]
[EventDate "2000.08.18"]
[EventType "swiss"]
[EventRounds "11"]
[EventCountry "ESP"]
[SourceTitle "CBM 077 Extra"]
[Source "ChessBase"]
[SourceDate "2000.09.14"]
[SourceVersion "1"]
[SourceVersionDate "2000.09.14"]
[SourceQuality "1"]

1. d4 d5 2. c4 c6 3. Nf3 Nf6 4. Nc3 dxc4 5. a4 Bf5 6. Nh4 e6 7. Nxf5 exf5 8. e3
Bd6 9. Bxc4 O-O 10. h3 Qe7 11. Qf3 c5 12. dxc5 Be5 13. O-O Qxc5 14. Bd3 Bxc3
15. bxc3 Qxc3 16. Ra3 Qb4 17. Bxf5 Nc6 18. Ra1 Ne5 19. Qg3 Qa5 20. e4 Rad8 21.
Bg5 Rd3 22. Qh2 Nfd7 23. f4 Ng6 24. e5 Rd4 25. h4 Re8 26. Qh3 Ngf8 27. Qg3 Rxa4
28. Rad1 Qb6+ 29. Kh1 Rd4 30. h5 Rxd1 31. Rxd1 Nc5 32. Rd6 Qb2 33. Qg4 Kh8 34.
Bf6 Nfe6 35. Bxe6 Nxe6 36. Rxe6 1-0

[Event "EU-ch U20"]
[Site "Aviles"]
[Date "2000.08.17"]
[Round "2"]
[White "Karttunen, Mika"]
[Black "Radjabov, Teimour"]
[Result "0-1"]
[WhiteElo "2399"]
[BlackElo "2476"]
[Annotator "Radjabov,T"]
[PlyCount "66"]
[EventDate "2000.08.18"]
[EventType "swiss"]
[EventRounds "11"]
[EventCountry "ESP"]
[SourceTitle "CBM 077 Extra"]
[Source "ChessBase"]
[SourceDate "2000.09.14"]
[SourceVersion "1"]
[SourceVersionDate "2000.09.14"]
[SourceQuality "1"]

1. d4 e6 2. c4 f5 3. g3 Nf6 4. Bg2 c6 5. Nd2 d5 6. Nh3 Bd6 7. O-O O-O 8. Nf3
Ne4 9. Qb3 $6 {What a move ? White activating queen attacking on b7 and my
king is on the same diagonal as queen. But anyway it is not good idea with so
bad placed piece Nh3.} Nd7 {Just development!} 10. Nf4 (10. Bf4 $5) 10... Qe7
11. Nd3 {The big idea of move Nh3 is to go to d3 and to attack e5 square. My
opponent made all the best but with queen on b3.} b6 $5 {Bishop on c8 is very
bad placed in Dutch Stonewall system. And now I can activate my bishop with
the development to a6 or b7. It is not important, that after Bb7 white will
get possibility of move c5, because i will just play Bc7 and then pawn c5 will
be very weak!} 12. Nfe5 {Good move... but not in this situation! More better
after Bf4 but after 12.Bf4 i have just 12...Ba6 or just Bxf4 and then Ba6.}
Bxe5 $1 {After 12...Nxe5 for example 13.dxe5 and i need to lost an a tempo to
play Bc7.} 13. dxe5 Ba6 14. cxd5 {[]} exd5 15. f4 Ndc5 16. Qa3 Qb7 {Played
after about 30 seconds of thinking.And move seems to be the best here!} 17.
Nxc5 Nxc5 18. Be3 Ne4 {After 18...Ne6 whites bishop on g2 is more better
playing by diagonal h1-a8} 19. Bf3 Bb5 20. Qb3 Qf7 {With the idea of c5 after
Bc4 or Ba6 then c5.} 21. a4 Bc4 22. Qc2 c5 23. b3 Ba6 {Now black pieces are
dominating in center! Pawns d5 and c5 seems not so pretty for white!} 24. Bf2
d4 $1 25. Rfd1 (25. Bxe4 fxe4 26. Qxe4 Bb7 $5 (26... Qxb3 $1 $17 {Diagonal
h1-a8 is weak and black pieces are very active!} 27. a5 Qe6 28. axb6 axb6 29.
Rfb1 Ra7 30. Qc2 Rfa8 {And then Bb7 idea of Qd5 is possible!})) 25... g5 $3 26.
b4 $5 (26. fxg5 Nxg5 27. Bxa8 Rxa8 28. b4 f4 $3 29. bxc5 bxc5 $6 (29... f3 $1
30. e4 (30. e3 Be2 31. Kh1 Nh3 32. Rf1 d3 33. Qd2 bxc5 $19) 30... Nh3+ 31. Kh1
bxc5 $1 $19) 30. Ra3 $1 Nh3+ 31. Kg2 Bb7+ 32. Rf3 $1 Nxf2 33. Kxf2 Bxf3 34.
exf3 $11) 26... gxf4 27. gxf4 Qg6+ 28. Kf1 Rac8 $1 {Just defending c5 pawn and
cxb4 some where is a threat. Now the main idea is to play Kh8 then Rg8 and Qh6
attacking both f4 and h2. White is losing!} 29. b5 (29. a5 Qh6 (29... Bb7 $5
30. axb6 axb6 31. e3 (31. bxc5 bxc5 32. Bh4 (32. Ra7 Nxf2 33. Kxf2 Bxf3 34.
exf3 (34. Qb3+ Kh8 35. Qxf3 Qh6 36. h3 Rg8 $19) 34... Kh8 {With idea to play
Rg8 and whites king will be under attack.}) 32... Qh6 33. Bg3 Nxg3+ 34. hxg3
Qh3+ 35. Kf2 Qh2+ 36. Kf1 Be4 37. Bxe4 fxe4 38. Qxe4 Qxg3 $19) (31. Ra7 Nxf2
32. Kxf2 Bxf3 33. exf3 Qh6 $19) 31... Nd2+ 32. Rxd2 Bxf3 33. Qc4+ Kh8 34. exd4
cxd4 35. Qxd4 (35. Qd3 Qg2+ $2 (35... Rc3 36. Qxd4 Qg2+ 37. Ke1 Qh1+ 38. Bg1
Rc4 $3 $19) 36. Ke1 Qh1+ 37. Qf1) 35... Qg2+ 36. Ke1 Qh1+ 37. Bg1 Rc4 $3 $19)
30. axb6 Qxh2 (30... cxb4 31. Qb2 Nxf2 (31... Qxh2 32. Bxd4 Bxe2+ 33. Bxe2 (33.
Ke1 Qxf4 34. Qxe2 Qh4+ 35. Bf2 Nxf2 36. Qxf2 $18) 33... Qh1+ 34. Bg1 Qh3+ 35.
Ke1 Qg3+ 36. Kf1 Qxf4+ 37. Ke1 Qg3+ 38. Kf1 Qh3+ 39. Ke1 Qh4+ 40. Kf1 Rc3 $1
41. Bd3 Qf4+ 42. Bf2 axb6 43. e6 Qf3 $19) 32. Rxd4 $4 (32. Kxf2 Qxh2+ 33. Kf1
Rc3 $1 34. Bd5+ Kh8 35. Rxa6 Qxf4+ $11) 32... Qxh2 33. Rxa6 Ne4 34. Bxe4 fxe4
$19) 31. Bxe4 fxe4 32. Qxe4 $16) 29... Bb7 30. Qc4+ Kh8 31. Bh4 Rg8 32. Bg5
Nxg5 33. Bxb7 Ne4 {White resigned} 0-1

[Event "EU-ch U20"]
[Site "Aviles"]
[Date "2000.08.20"]
[Round "5"]
[White "Radjabov, Teimour"]
[Black "Horvath, Adam"]
[Result "0-1"]
[WhiteElo "2476"]
[BlackElo "2425"]
[PlyCount "44"]
[EventDate "2000.08.18"]
[EventType "swiss"]
[EventRounds "11"]
[EventCountry "ESP"]
[SourceTitle "CBM 077 Extra"]
[Source "ChessBase"]
[SourceDate "2000.09.14"]
[SourceVersion "1"]
[SourceVersionDate "2000.09.14"]
[SourceQuality "1"]

1. d4 Nf6 2. c4 e6 3. Nc3 Bb4 4. f3 c5 5. d5 b5 6. e4 bxc4 7. Bxc4 Nxd5 8. Bxd5
exd5 9. Qxd5 Nc6 10. Nge2 Ba6 11. Be3 Rb8 12. Rb1 Qh4+ 13. Kd2 O-O 14. Ng3
Bxc3+ 15. bxc3 Rxb1 16. Rxb1 Qxh2 17. Ne2 Ne5 18. Bf2 Qxg2 19. Qxe5 Qxf2 20.
Re1 Qxf3 21. Qxc5 Qd3+ 22. Kc1 Rb8 0-1

[Event "EU-ch U20"]
[Site "Aviles"]
[Date "2000.08.24"]
[Round "8"]
[White "Izoria, Zviad"]
[Black "Radjabov, Teimour"]
[Result "1/2-1/2"]
[WhiteElo "2450"]
[BlackElo "2476"]
[PlyCount "151"]
[EventDate "2000.08.18"]
[EventType "swiss"]
[EventRounds "11"]
[EventCountry "ESP"]
[SourceTitle "CBM 077 Extra"]
[Source "ChessBase"]
[SourceDate "2000.09.14"]
[SourceVersion "1"]
[SourceVersionDate "2000.09.14"]
[SourceQuality "1"]

1. Nf3 d5 2. c4 e6 3. g3 f5 4. Bg2 Nf6 5. O-O c6 6. d3 Bd6 7. Nc3 O-O 8. cxd5
cxd5 9. e4 Nc6 10. exf5 exf5 11. Bg5 h6 12. Bxf6 Qxf6 13. Nd2 Be6 14. Re1 Kh8
15. Nxd5 Bxd5 16. Bxd5 Bc5 17. Bxc6 bxc6 18. Rc1 Bd4 19. Qf3 Rac8 20. b3 c5 21.
Re2 Rcd8 22. Kg2 Qg6 23. h3 f4 24. g4 Bb2 25. Rc2 Rxd3 26. Qe4 Qxe4+ 27. Rxe4
Bc3 28. Nf3 Bb4 29. h4 a5 30. Rcc4 Rd1 31. Rxf4 Kg8 32. Rxf8+ Kxf8 33. h5 Ra1
34. Rc2 Ke7 35. Re2+ Kd6 36. Nh4 Bc3 37. Nf5+ Kc6 38. Rc2 Bf6 39. f4 Kb5 40.
Nd6+ Kc6 41. Nc4 Kb5 42. Kf3 Bd4 43. Nd6+ Kc6 44. Nc4 Kb5 45. Nd6+ Kc6 46. Nf5
Bf6 47. g5 hxg5 48. fxg5 Rf1+ 49. Rf2 Rxf2+ 50. Kxf2 Bxg5 51. Nxg7 Kb5 52. Nf5
Kb4 53. Ke2 a4 54. bxa4 Kxa4 55. Nd6 Ka3 56. Ne4 c4 57. Kd1 Bh6 58. Kc2 Kxa2
59. Kc3 Ka3 60. Kxc4 Ka4 61. Kc5 Ka5 62. Nd6 Ka6 63. Kc6 Ka7 64. Ne4 Kb8 65.
Kd7 Kb7 66. Ke6 Kc6 67. Kf7 Kd7 68. Nf6+ Kd6 69. Ne4+ Kd7 70. Kg6 Bc1 71. Ng5
Bxg5 72. Kxg5 Ke7 73. Kg6 Kf8 74. h6 Kg8 75. h7+ Kh8 76. Kh6 1/2-1/2

[Event "EU-ch U20"]
[Site "Aviles"]
[Date "2000.08.25"]
[Round "9"]
[White "Radjabov, Teimour"]
[Black "Stryjecki, Marek"]
[Result "1-0"]
[WhiteElo "2476"]
[BlackElo "2405"]
[Annotator "Radjabov,T"]
[PlyCount "67"]
[EventDate "2000.08.18"]
[EventType "swiss"]
[EventRounds "11"]
[EventCountry "ESP"]
[SourceTitle "CBM 077 Extra"]
[Source "ChessBase"]
[SourceDate "2000.09.14"]
[SourceVersion "1"]
[SourceVersionDate "2000.09.14"]
[SourceQuality "1"]

1. d4 g6 2. c4 Bg7 3. e4 d6 4. Nc3 e5 {Very old system, which Georgian
GrandMaster Zurab Azmaiparashvili playing with great success for black! But
for this game against Stryjecki, I prepared for King's Indian Defence.} 5. Nf3
(5. Nge2 $5) (5. dxe5) 5... Nc6 6. d5 Nce7 7. Be2 {With the idea after f5 to
play exf5 and then Ng5 with the battery d1-e2-h5 working!} f5 8. exf5 $5 {
This move is interesting, black should think what to do here? Which piece
should take on f5? Bishop? Ok then Qb3 somewhere not so pretty, or Ng5 xe6.
Knight? Ok then Bg5 is possible or Ng5! My opponent decided to take on f5 with
the pawn.} gxf5 9. Ng5 Ng6 {And what to do? Bh5 is the idea! After 9...Nf6 10.
Bh5+-Ng6 11.Nxh7! +-.And if after 10.Bh5+-Kf8 11.Bf7!? then 12.Be6 or 12.Ne6.}
10. h4 $5 (10. Qa4+ $5 Bd7 (10... Kf8 11. Qb3) 11. Qb3) (10. Qb3) 10... h6 (
10... e4 11. Nb5 $1 N8e7 12. Nd4 {x e6.}) 11. Ne6 Bxe6 12. dxe6 c6 $5 {Black
after c6 controlling d5 square which is very important in the position with
pawn on e6!} (12... Qc8 $5) 13. Bh5 $1 {Black have no time to think!} N8e7 14.
g4 $1 O-O 15. gxf5 Rxf5 16. Bxg6 $6 (16. Ne4 $1 d5 17. Bxg6 Nxg6 18. Qg4 $18)
16... Nxg6 17. Qg4 Rf6 18. Ne4 $16 Nf8 (18... d5 19. cxd5 cxd5 20. Nxf6+ Qxf6
21. Bxh6 $1 Rf8 22. Rg1 $5 (22. Rh2 $5) 22... Qxf2+ 23. Kd1 Qxb2 24. Rc1 $18)
19. Nxf6+ Qxf6 20. e7 $1 {Position is winning for white but they have anyway
some technical problems!} Ne6 21. Be3 {Most technical move, which controlling
the a7 pawn, trying to activate rook on a1 and developing pieces!} (21. Rg1 $6
Nd4 22. Qd7 Nc2+ 23. Ke2 Nxa1 24. e8=Q+ Rxe8 25. Qxe8+ Kh7 26. Be3 Nc2 $44)
21... Re8 (21... d5 $1 22. cxd5 cxd5 23. Rc1 $1 Re8 (23... e4 24. Bd4 $6 {
Is not so good but 24.Qd5 see the variation.} (24. Qh5 $1 Qxe7 25. Qxd5 $18)
24... Qxe7 25. Bxg7 Nxg7 26. Rg1 $16) 24. Rg1 d4 25. Bd2 Rxe7 26. Rc8+ Nf8 27.
Bb4 Rf7 28. Qg2 $1 $18) 22. Rd1 Nd4 23. Bxd4 exd4 24. O-O $5 Qxe7 (24... Rxe7
25. Rd3 $1 {Then rook g3 with attack of black king or somewhere exchange of
queens will be good for white!} d5 26. cxd5 cxd5 27. Rg3 {With the idea of
Rc1- c8 and Qh5 with mate attack!}) 25. Rxd4 Kh8 26. Rd3 $1 {-> <->} Be5 27.
Kh1 Rg8 28. Qh3 Bxb2 29. Re3 $5 {To disactivate black's queen.} Qh7 30. Rg1 {
Rook exchange does not matter for black white will win by 30...Rxg1+ 31.Kxg1-
then Rg3 with idea of Qc8.} Rf8 31. Qe6 Bg7 32. Reg3 Be5 33. Rg6 $1 Bf4 34. Rf6
{Black resigned.} 1-0